000 01059nam a2200301 i 4500
003 DO-SdBNP
005 20260302114738.0
007 ta
008 230613b2022 dr ||||| |||| 00| 0 spa d
020 _a9789945510225
040 _aDO-SdBNP
_bspa
_cBNPHU
_erda
082 4 _aRD863.5
_bA185m
_222
100 1 _aAcosta, José,
_d1964-
_eautor
_924351
245 1 0 _aMuchacha negra en un banco del parque :
_bcuento /
_cJosé Acosta ; corrección Clara Dobarro
264 1 _aSanto Domingo :
_bMinisterio de Cultura,
_c2022.
300 _a115 páginas ;
_c21 cm.
336 _2rdacontent
_atexto
_btxt
337 _2rdamedia
_asin mediación
_bn
338 _2rdacarrier
_avolumen
_bnc
500 _aIncluye datos biográficos del autor en la solapa de la cubierta
586 _aPremio Anual de Cuento José Ramón López 2021
590 _aInventariado, 2023/BT
650 4 _aCuentos dominicanos
650 4 _aLiteratura dominicana
700 1 _aDobarro, Clara,
_ecorrección
_934619
910 _aBtavárez/Validado. Control de calidad MFF
942 _2ddc
_cLBS1
999 _c53802
_d53802